00359nam a2200121Ia 4500008004100000100002400041245011400065260001200179260001100191260000900202300000700211650001900218160103s9999 xx 000 0 und d10aSilva,Y.Madavi.R.De aDevelopment of Greener Synthetic Routes For SelectedOrganic Chemistry Experiments Using Microwave Irradiation aColombo bIchemc c2015 a49 agreen chemitry